Подробности
| 000 -МАРКЕР |
| контрольное поле |
02355nam2a2200361 4500 |
| 001 - ИДЕНТИФИКАТОР ЗАПИСИ |
| контрольное поле |
RU\NLR\BIBL_A\011366490 |
| 005 - ИДЕНТИФИКАТОР ВЕРСИИ |
| контрольное поле |
20250626053129.0 |
| 021 ## - НОМЕР ГОСУДАРСТВЕННОЙ РЕГИСТРАЦИИ |
| Код страны |
Российская Федерация |
| Номер |
2017-18272 |
| Номер Листа государственной регистраци |
1346 |
| 035 ## - ДРУГИЕ СИСТЕМНЫЕ НОМЕРА |
| Идентификатор записи |
(NLR Aleph) 011366490 |
| 100 ## - ДАННЫЕ ОБЩЕЙ ОБРАБОТКИ |
| Данные общей обработки |
20170412d2016 |||y0rusy50 ca |
| 101 1# - ЯЗЫК РЕСУРСА |
| Язык текста, звукозаписи и т.д. |
русский |
| Язык оригинала |
не определено |
| 102 ## - СТРАНА ПУБЛИКАЦИИ ИЛИ ПРОИЗВОДСТВА |
| Страна публикации |
Российская Федерация |
| 105 ## - ПОЛЕ КОДИРОВАННЫХ ДАННЫХ: ТЕКСТОВЫЕ МАТЕРИАЛЫ, МОНОГРАФИЧЕСКИЕ |
| Кодированные данные о монографическом текстовом документе |
a z 00zy |
| 200 1# - ЗАГЛАВИЕ И СВЕДЕНИЯ ОБ ОТВЕТСТВЕННОСТИ |
| Основное заглавие |
Биологические и технические осложнения имплантологического лечения |
| Параллельное заглавие |
Biological and hardwarel complications of implant dentistry |
| Первые сведения об ответственности |
У. Бреггер, Л. Хейтц-Мейфилд |
| Последующие сведения об ответственности |
переводчик Борис Яблонский |
| -- |
научный редактор перевода Артур Сидельников |
| Язык параллельного заглавия |
английский |
| 210 ## - ПУБЛИКАЦИЯ, РАСПРОСТРАНЕНИЕ И ДР. |
| Дата издания, распространения и т.д. |
2016 |
| Место издания, распространения и т.д. |
Б. м. |
| 215 ## - ФИЗИЧЕСКАЯ ХАРАКТЕРИСТИКА |
| Специфическое обозначение материала и объем |
215 с. |
| Другие сведения о физической характеристике |
ил., цв. ил. |
| 300 ## - ОБЩИЕ ПРИМЕЧАНИЯ |
| Текст примечания |
Парал. общ. загл.: ITI Treatment Guide |
| 300 ## - ОБЩИЕ ПРИМЕЧАНИЯ |
| Текст примечания |
Авт. также на англ. яз.: U. Brägger, L. J. A. Heitz-Mayfield |
| 320 ## - ПРИМЕЧАНИЯ О НАЛИЧИИ В ДОКУМЕНТЕ БИБЛИОГРАФИИ / УКАЗАТЕЛЯ |
| Текст примечания |
Библиогр.: с. 201-215 |
| 461 #0 - УРОВЕНЬ НАБОРА |
| Встроенное поле |
001RU\NLR\bibl\2043990 |
| -- |
2001#$aРуководство по имплантологии$fД. Мортон, Дж. Ганелес$gред.: Д. Висмайер [и др.]$gпер.: Александр Суркин, [к.м.н.]$gнауч. ред. пер.: Кристина Бадалян, [к.м.н.] и Михаил Ломакин, [д.м.н., проф.]$gITI, Междунар. науч. группа по имплантологии$vТ. 8 |
| -- |
700#1$aМортон$bД.$4070 |
| Системный номер (АБИС) связанной записи |
4551441 |
| Автор |
Мортон, Д. |
| Место публикации |
Москва [и др.] |
| Дата публикации |
2011 |
| Первые сведения об ответственности |
Д. Мортон, Дж. Ганелес |
| Имя издателя, распространителя и т.д. |
Квинтэссенция |
| Заглавие |
Руководство по имплантологии |
| Номер тома |
Т. 8 |
| 510 1# - ПАРАЛЛЕЛЬНОЕ ЗАГЛАВИЕ |
| Связь между полями |
z77790 |
| Параллельное заглавие |
Biological and hardwarel complications of implant dentistry |
| Язык заглавия |
английский |
| 510 1# - ПАРАЛЛЕЛЬНОЕ ЗАГЛАВИЕ |
| Параллельное заглавие |
ITI Treatment Guide |
| Язык заглавия |
английский |
| 606 1# - НАИМЕНОВАНИЕ ТЕМЫ КАК ПРЕДМЕТ |
| Наименование темы |
Имплантация |
| Формальный подзаголовок |
Руководства, пособия и т.п |
| Тематический подзаголовок |
Применение в протезной стоматологии |
| -- |
Осложнения |
| Системный номер авторитетной/нормативной записи |
2546876 |
| Идентификатор авторитетной/нормативной записи |
RU\NLR\AUTH\661507374 |
| 686 1# - ИНДЕКСЫ ДРУГИХ КЛАССИФИКАЦИЙ |
| Индекс |
Р665.421-99я7 |
| 701 #1 - ИМЯ ЛИЦА - АЛЬТЕРНАТИВНАЯ ОТВЕТСТВЕННОСТЬ |
| Начальный элемент ввода |
Бреггер |
| Часть имени, кроме начального элемента ввода |
У. |
| 701 #1 - ИМЯ ЛИЦА - АЛЬТЕРНАТИВНАЯ ОТВЕТСТВЕННОСТЬ |
| Начальный элемент ввода |
Хейтц-Мейфилд |
| Часть имени, кроме начального элемента ввода |
Л. |
| 790 #1 - ИМЯ ЛИЦА - АЛЬТЕРНАТИВНАЯ ФОРМА |
| Связь между полями |
z77 |
| Начальный элемент ввода |
Brägger |
| Часть имени, кроме начального элемента ввода |
U. |
| 790 #1 - ИМЯ ЛИЦА - АЛЬТЕРНАТИВНАЯ ФОРМА |
| Связь между полями |
z77 |
| -- |
z77510 |
| Начальный элемент ввода |
Heitz-Mayfield |
| Часть имени, кроме начального элемента ввода |
L. J. A. |
| 852 ## - МЕСТОНАХОЖДЕНИЕ И ШИФР ХРАНЕНИЯ |
| Идентификатор организации |
NLR |
| Шифр хранения (Call Number) |
2012-8/3406 |
| 942 ## - ДОПОЛНИТЕЛЬНЫЕ ЭЛЕМЕНТЫ ЗАПИСИ (АБИС) |
| Тип экземпляра АБИС |
Книга |
| 980 ## - КОЛЛЕКЦИЯ |
| Название коллекции |
Национальная библиография |